LIBRARY & INFORMATION CENTRE, KCAET, TAVANUR

ONLINE PUBLIC ACCESS CATALOGUE (OPAC)

Macualy`s History of England, vol 2 / (Record no. 682)

MARC details
000 -LEADER
fixed length control field 00442cam a2200169ua 4500
041 ## - LANGUAGE CODE
Language code of text/sound track or separate title eng
082 ## - DEWEY DECIMAL CLASSIFICATION NUMBER
Classification number 941
Item number MAC/MA
100 ## - MAIN ENTRY--AUTHOR NAME
Personal name Macualy, .
245 ## - TITLE STATEMENT
Title Macualy`s History of England, vol 2 /
260 ## - PUBLICATION, DISTRIBUTION, ETC. (IMPRINT)
Place of publication London :
Name of publisher J M Dent and Sons Ltd ,
Year of publication 1956.
300 ## - PHYSICAL DESCRIPTION
Number of Pages 667 ; .
490 0# - SERIES STATEMENT
Series statement Everymans library,
Volume number/sequential designation
942 ## - ADDED ENTRY ELEMENTS (KOHA)
Koha item type Books
Holdings
Withdrawn status Lost status Damaged status Home library Current library Date acquired Full call number Accession Number Koha item type
Withdrawn     KAUAET Sanskrit University 07/04/2012 941 4502 Books
free website counter